000 00456 a2200181 4500
005 20260122101640.0
008 260122b |||||||| |||| 00| 0 eng d
020 _a9788197115097
_cRs. 2100.00
040 _aMAIN
082 _a664
_bK529F
100 _aKhurana, Himanshi
245 _aFood science and food security
260 _bYking Books
_c2024
_aJaipur
300 _a263
650 _aFood Technology
650 _aFood Processing
942 _cBK
999 _c395568
_d395568